Parc de la Serralada Litoral : Exposició itinerant Exposició itinerant
Descripción Física:
1 tríptic ; il·lustracions color ; 10 x 21 cm
Materias:
Parc de la Serralada Litoral (Catalunya) -- Exposicions
; Parc de la Serralada Litoral (Catalunya) -- Activitats culturals
Idioma:
Catalán
MARC
| LEADER | 00000nam a22000007a 4500 | ||
|---|---|---|---|
| 001 | 28472 | ||
| 003 | AGDB | ||
| 005 | 20260324181523.0 | ||
| 008 | 240405b spa||||| |||| 00| 0 cat d | ||
| 017 | |a B 6661-2023 | ||
| 040 | |a agdb |b cat | ||
| 110 | 1 | |a Barcelona (Catalunya : Província). |b Xarxa de Parcs Naturals |9 7250 | |
| 245 | |a Parc de la Serralada Litoral : |b Exposició itinerant | ||
| 260 | |a Barcelona : |b Diputació de Barcelona ; |c 2023 | ||
| 300 | |a 1 tríptic ; |b il·lustracions color ; |c 10 x 21 cm | ||
| 610 | 0 | |a Parc de la Serralada Litoral (Catalunya) |x Exposicions |9 55848 | |
| 610 | 1 | 0 | |a Parc de la Serralada Litoral (Catalunya) |x Activitats culturals |9 52712 |
| 710 | 1 | |a Parc de la Serralada Litoral (Catalunya) |9 52719 | |
| 856 | 4 | 0 | |u https://llibreria.diba.cat/es/libro/parc-de-la-serralada-litoral_68378 |y Accés lliure (Llibreria de la Diputació de Barcelona) |
| 942 | |c ARXIU |n 1 | ||
| 952 | |0 0 |1 0 |4 0 |6 FU7719 |7 1 |9 96923 |a Arxiu |b Arxiu |d 2024-04-05 |l 0 |o FU-77-19 |p 28472 |r 2024-04-05 00:00:00 |w 2024-04-05 |y ARXIU | ||
| 999 | |c 128769 |d 128769 | ||